zpět

Detail výsledku týmu

Pekelná Husa, Klatovy

Datum a čas kvízu

19.5 Celkem bodů Celkový počet nahraných bodů na tomto kvízu bez doplňovacích otázek.
9. Pořadí na kvízu Konečné umístění týmu na tomto kvízu.

Zaznamenané odpovědi

# Otázka Odpověď Body Výsledky
1. Který český politik zveřejnil... Vít Rakušan 0
2. Švédské království ve čtvrtek... 32. členem 1
3. Slavnostnímu předávání Oscarů... Medvídek Pú: Krev a med / Winnie the Pooh: Blood and Honey 0
4. Společnost ČEZ podepsala dohod... z Francie 0
5. Do kterého týmu minulý týden v... Vegas Golden Knights 0
6. Začneme prvním českým králem p... Přemysl Otakar II., 1278 0
7. Další „slavnou“ prohrou, která... stoletá válka 0
8. Za naši slavnou prohru lze ozn... D 1
9. Bitva na Bílé hoře v roce 1620... D) 2 hodiny 0
10. Mnichovská dohoda je typickým... appeasement 0